Odhaľovanie vlastností používateľa v rámci relačnej klasifikácie

Salvato in:
Dettagli Bibliografici
Autore principale: Labaš, Matej, 1985- (Autore)
Altri autori: Vojtek, Peter, 1982- (Relatore della tesi)
Natura: Manoscritto Libro
Lingua:slovacco
Pubblicazione: STU v Bratislave FIIT, 2009
Soggetti:
Tags: Aggiungi Tag
Nessun Tag, puoi essere il primo ad aggiungerne!!

MARC

LEADER 00000ntm a22000003a 4500
001 stu185819
005 20180416140354.7
008 090618s2009----xo------------------slo-d
040 |a STU  |b slo 
041 0 |a slo 
044 |a xo 
100 1 |a Labaš, Matej,  |d 1985-  |4 aut  |u I200  |U FIIT Fakulta informatiky a informačných technológií  |T FIIT Ústav informatiky a softvérového inžinierstva  |X 20876  |U I200  |Y 179  |7 A000020876 
245 1 |a Odhaľovanie vlastností používateľa v rámci relačnej klasifikácie 
260 |b STU v Bratislave FIIT,  |c 2009 
300 |a 39 s  |c príl. 
650 7 |a softvérové inžinierstvo  |2 stusub 
700 1 |a Vojtek, Peter,  |d 1982-  |4 ths  |u I200  |U FIIT Fakulta informatiky a informačných technológií  |T FIIT Ústav informatiky a softvérového inžinierstva  |X 17569  |U I200  |Y 179  |7 17569 
996 |c I*DP55/09  |l II680  |s P  |a 0  |w stu185819_0001